[Event "SLO-chT3 West"]
[Site "Kranj"]
[Date "2010.11.20"]
[Round "3.5"]
[White "Vidic, Teja"]
[Black "Japelj, Damjan"]
[Result "1/2-1/2"]
[WhiteElo "1765"]
[BlackElo "1769"]
[PlyCount "57"]
[EventDate "2010.11.19"]
[EventType "team-swiss"]
[EventRounds "5"]
[EventCountry "SLO"]
[SourceTitle "EXT 2022"]
[Source "ChessBase"]
[SourceDate "2021.10.06"]
[SourceVersion "1"]
[SourceVersionDate "2021.10.06"]
[SourceQuality "1"]
[WhiteTeam "Komenda SK II"]
[BlackTeam "Koper Val"]
[WhiteTeamCountry "SLO"]
[BlackTeamCountry "SLO"]

1. e4 e5 2. Nf3 Nf6 3. Nc3 Bb4 4. d3 Nc6 5. Bg5 h6 6. Bh4 0-0 7. Be2 Be7 8. Bg3 d6 9. 0-0 Be6 10. d4 exd4 11. Nxd4 Nxd4 12. Qxd4 d5 13. e5 c5 14. Qd3 Ne8 15. Rad1 d4 16. Ne4 Qb6 17. b3 f5 18. exf6 Nxf6 19. Rfe1 Rae8 20. Bf3 Bf5 21. Nxf6+ Qxf6 22. Qc4+ Kh8 23. Bxb7 Bd6 24. Bxd6 Qxd6 25. Bf3 Qg6 26. Qxc5 Bxc2 27. Rxe8 Rxe8 28. Qxd4 Bxd1 29. Qxd1 1/2-1/2

[Event "SLO-ch U20 qual"]
[Site "Otocec"]
[Date "2010.07.07"]
[Round "3"]
[White "Brcar, Matej"]
[Black "Japelj, Damjan"]
[Result "1/2-1/2"]
[WhiteElo "1569"]
[BlackElo "1721"]
[PlyCount "70"]
[EventDate "2010.07.06"]
[EventType "swiss"]
[EventRounds "9"]
[EventCountry "SLO"]
[SourceTitle "EXT 2012"]
[Source "ChessBase"]
[SourceDate "2011.11.24"]
[SourceVersion "1"]
[SourceVersionDate "2011.11.24"]
[SourceQuality "1"]

1. e4 e5 2. Nf3 Nf6 3. Nxe5 d6 4. Nf3 Nxe4 5. Be2 Be7 6. 0-0 d5 7. d3 Nf6 8. Re1 0-0 9. Bf4 c5 10. Bf1 Nc6 11. Nc3 a6 12. d4 c4 13. Ne5 Bb4 14. Re3 Bf5 15. Bg5 Be7 16. Nxc6 bxc6 17. b3 Be6 18. bxc4 dxc4 19. Qf3 Qxd4 20. Qxc6 Bb4 21. Rd1 Qc5 22. Qxc5 Bxc5 23. Rf3 Bg4 24. Rg3 Be7 25. Bxf6 Bxf6 26. Rxg4 Bxc3 27. Rxc4 Bf6 28. Rc6 a5 29. g3 Rfc8 30. Rdd6 Be5 31. Rxc8+ Rxc8 32. Ba6 Bxd6 33. Bxc8 Kf8 34. Kf1 g5 35. Ke2 h5 1/2-1/2

[Event "IECC CL4-2001.25"]
[Site "IECC email"]
[Date "2001.07.18"]
[Round "?"]
[White "Perez, Norman"]
[Black "Japelj, Damjan"]
[Result "0-1"]
[WhiteElo "1642"]
[BlackElo "1712"]
[PlyCount "74"]
[EventDate "2001.??.??"]
[EventType "tourn (corr)"]
[EventRounds "4"]
[SourceTitle "Corr 2008"]
[Source "ChessBase"]
[SourceDate "2008.06.24"]
[SourceVersion "1"]
[SourceVersionDate "2008.06.24"]
[SourceQuality "1"]

1. d4 Nf6 2. c4 g6 3. Nc3 Bg7 4. Bg5 c5 5. e3 d6 6. Nf3 0-0 7. Bd3 Bg4 8. h3 Bd7 9. 0-0 Nc6 10. a3 h6 11. Bh4 g5 12. Bg3 g4 13. hxg4 Bxg4 14. Be2 cxd4 15. exd4 d5 16. cxd5 Nxd5 17. Ne5 Bxe2 18. Nxe2 Rc8 19. Rc1 e6 20. Nxc6 Rxc6 21. Qd2 Qd7 22. Nf4 Ne7 23. Nh5 Qxd4 24. Qa5 Rxc1 25. Rxc1 Qxb2 26. Rc7 Nd5 27. Rd7 Bd4 28. Qe1 Qb5 29. Qe4 Qxd7 30. Qxd4 f6 31. Qg4+ Kh7 32. Bd6 Rg8 33. Qe4+ f5 34. Qe5 Qa4 35. f3 Qd1+ 36. Kh2 Qd2 37. Ng3 Ne3 0-1

[Event "IECC CL4-2001.14"]
[Site "IECC email"]
[Date "2001.05.07"]
[Round "?"]
[White "Asscheman, Kees"]
[Black "Japelj, Damjan"]
[Result "1-0"]
[WhiteElo "1532"]
[BlackElo "1700"]
[PlyCount "66"]
[EventDate "2001.??.??"]
[EventType "tourn (corr)"]
[EventRounds "4"]
[SourceTitle "Corr 2008"]
[Source "ChessBase"]
[SourceDate "2008.06.24"]
[SourceVersion "1"]
[SourceVersionDate "2008.06.24"]
[SourceQuality "1"]

1. e4 e5 2. Nc3 Nc6 3. f4 exf4 4. Nf3 g5 5. d4 g4 6. Bc4 gxf3 7. 0-0 Nxd4 8. Qxd4 Qg5 9. Rf2 Bc5 10. Bxf4 Qxg2+ 11. Rxg2 Bxd4+ 12. Rf2 c6 13. Rd1 Bxf2+ 14. Kxf2 Nf6 15. Bb3 Rg8 16. Bd6 b5 17. Kxf3 a5 18. e5 Ng4 19. h3 Nh2+ 20. Kf4 a4 21. Bd5 a3 22. b3 Ba6 23. Be4 h5 24. Nb1 b4 25. Nd2 f5 26. exf6 Kf7 27. Rh1 Ng4 28. hxg4 Rxg4+ 29. Ke3 Re8 30. Be7 Rxe7 31. fxe7 Kxe7 32. Bf3 Rg5 33. Ne4 Rg7 1-0